000 00764cam a2200265 4500
008 000000n1995 000 0 eng u
020 _a0727720236
035 _a(Sirsi) u103419
050 _a614.76
100 _aFerguson, J.
110 _aInstitution of Civil Engineers
_91402
245 _aManaging and minimizing construction waste: a practical guide.
260 _aLondon
_bThomas Telford
_c1995
300 _a60p. : ill. ; 21cm.
350 _a15.00
650 _aWASTE MINIMISATION
650 _aCONSTRUCTION INDUSTRY
650 _aPLANNING CONTROL
690 _aENVIRONMENTAL AND LAND CONSULTANCY-WASTE MANAGEMENT
700 _aKermode, N.
700 _aNash, C.L.
700 _aSketch, W.A.J.
700 _aHuxford, R.P.
942 _n0
999 _c100123
_d100123